Normal view
MARC view
- نيوماير،سارة تأليف/يونان،رمسيس مترجم
Entry Personal Name
001 - CONTROL NUMBER
- control field: 8302
003 - CONTROL NUMBER IDENTIFIER
- control field: JO-AjAnu
005 - DATE AND TIME OF LATEST TRANSACTION
- control field: 20230606071636.0
008 - FIXED-LENGTH DATA ELEMENTS
- fixed length control field: 230606|| aca||aabn | a|a d
040 ## - CATALOGING SOURCE
- Original cataloging agency: JO-AjAnu
- Transcribing agency: JO-AjAnu
100 ## - HEADING--PERSONAL NAME
- Personal name: نيوماير،سارة تأليف/يونان،رمسيس مترجم
670 ## - SOURCE DATA FOUND
- Source citation: Work cat.: (JO-AjAnu)4287: نيوماير،سارة تأليف/يونان،رمسيس مترجم, author, قصة الفن الحديث: سلسلة الفكر المعاصر 2